Countries With The Most Surfers - Statistics

General Stats
  • This quiz has been taken 53 times
  • The average score is 6 of 8
Answer Stats
Number of Surfers Answer % Correct
2.8 mil United States
98%
1.7 mil Australia
87%
450k France
85%
300k Spain
70%
145k New Zealand
66%
2k Canada
64%
200k Portugal
64%
500k United Kingdom
64%
No matching quizzes found
Score Distribution
Percent of People with Each Score
Percentile by Number Answered
Your Score History
You have not taken this quiz